Bundesliga goalscorers 22/23 - Statistics

General Stats
  • This quiz has been taken 173 times
    57 since last reset
  • The average score is 97 of 259
Answer Stats
Club Goals scored Player % Correct
Bayern München 14 Serge Gnabry
95%
RB Leipzig 16 Christopher Nkunku
93%
Bayern München 8 Leroy Sané
93%
SV Werder Bremen 16 Niclas Füllkrug
93%
Bayern München 7 Thomas Müller
93%
Eintracht Frankfurt 15 Randal Kolo Muani
85%
Bayern München 5 Joshua Kimmich
83%
Bayern München 12 Jamal Musiala
80%
Borussia Dortmund 6 Marco Reus
80%
Borussia Dortmund 9 Sébastien Haller
80%
SC Freiburg 15 Vincenzo Grifo
80%
VfL Bochum 2 Keven Schlotterbeck
78%
Borussia Mönchengladbach 13 Marcus Thuram
78%
Borussia Dortmund 3 Nico Schlotterbeck
78%
Bayer 04 Leverkusen 8 Jeremie Frimpong
75%
Borussia Dortmund 9 Julian Brandt
75%
Bayern München 8 Kingsley Coman
75%
TSG 1899 Hoffenheim 12 Andrej Kramarić
73%
Borussia Mönchengladbach 12 Jonas Hofmann
73%
Bayern München 3 Leon Goretzka
73%
Borussia Dortmund 2 Niklas Süle
73%
Bayer 04 Leverkusen 3 Patrick Schick
73%
VfL Bochum 8 Philipp Hofmann
73%
Union Berlin 11 Sheraldo Becker
73%
RB Leipzig 9 Timo Werner
73%
Borussia Mönchengladbach 2 Alassane Plea
70%
Borussia Dortmund 9 Donyell Malen
70%
Bayern München 10 Eric Maxim Choupo-Moting
70%
SV Werder Bremen 12 Marvin Ducksch
70%
Borussia Dortmund 1 Mats Hummels
70%
Bayer 04 Leverkusen 9 Moussa Diaby
70%
Bayer 04 Leverkusen 1 Florian Wirtz
68%
Bayern München 3 Matthijs de Ligt
68%
Borussia Dortmund 6 Karim Adeyemi
65%
VfB Stuttgart 11 Serhou Guirassy
65%
Borussia Dortmund 8 Jude Bellingham
63%
Eintracht Frankfurt 3 Mario Götze
63%
Bayern München 1 Alphonso Davies
60%
RB Leipzig 2 Dani Olmo
60%
Borussia Dortmund 2 Emre Can
60%
FC Augsburg 8 Ermedin Demirović
60%
RB Leipzig 3 Konrad Laimer
60%
Bayern München 7 Sadio Mané
60%
Borussia Dortmund 2 Anthony Modeste
58%
1. FC Köln 6 Florian Kainz
58%
1. FSV Mainz 05 7 Jae-Sung Lee
58%
RB Leipzig 6 Emil Forsberg
55%
1. FSV Mainz 05 10 Karim Onisiwo
55%
FC Schalke 04 11 Marius Bülter
55%
SC Freiburg 4 Matthias Ginter
55%
SC Freiburg 10 Michael Gregoritsch
55%
Borussia Mönchengladbach 6 Ramy Bensebaini
55%
RB Leipzig 4 Willi Orbán
55%
Borussia Dortmund 7 Youssoufa Moukoko
55%
RB Leipzig 2 Yussuf Poulsen
55%
Bayern München 4 Benjamin Pavard
53%
Eintracht Frankfurt 9 Daichi Kamada
53%
Hertha BSC 11 Dodi Lukebakio
53%
Eintracht Frankfurt 7 Jesper Lindstrøm
53%
Union Berlin 8 Kevin Behrens
53%
VfL Wolfsburg 5 Omar Marmoush
53%
SC Freiburg 5 Ritsu Doan
53%
1. FC Köln 6 Steffen Tigges
53%
1. FSV Mainz 05 5 Aarón Martin
50%
TSG 1899 Hoffenheim 7 Christoph Baumgartner
50%
1. FC Köln 6 Davie Selke
50%
RB Leipzig 6 Dominik Szoboszlai
50%
1. FC Köln 7 Ellyes Skhiri
50%
Borussia Dortmund 7 Giovanni Reyna
50%
VfL Wolfsburg 6 Jonas Wind
50%
Bayer 04 Leverkusen 1 Jonathan Tah
50%
Borussia Mönchengladbach 1 Kouadio Koné
50%
Borussia Mönchengladbach 8 Lars Stindl
50%
Borussia Dortmund 4 Raphaël Guerreiro
50%
Bayer 04 Leverkusen 2 Robert Andrich
50%
FC Schalke 04 5 Simon Terodde
50%
SC Freiburg 1 Christian Günter
48%
Borussia Mönchengladbach 1 Florian Neuhaus
48%
TSG 1899 Hoffenheim 7 Ihlas Bebou
48%
SC Freiburg 5 Lucas Höler
48%
1. FSV Mainz 05 6 Ludovic Ajorque
48%
Bayern München 5 Mathys Tel
48%
VfL Wolfsburg 5 Maximilian Arnold
48%
Bayer 04 Leverkusen 5 Amine Adli
45%
Bayer 04 Leverkusen 1 Edmond Tapsoba
45%
Borussia Dortmund 1 Julian Ryerson
45%
RB Leipzig 1 Marcel Halstenberg
45%
VfB Stuttgart 5 Wataru Endo
45%
RB Leipzig 4 André Silva
43%
VfL Wolfsburg 3 Felix Nmecha
43%
Borussia Dortmund 3 Jaime Bynoe-Gittens
43%
VfL Wolfsburg 4 Lukas Nmecha
43%
Bayern München 1 Marcel Sabitzer
43%
SV Werder Bremen 1 Romano Schmid
43%
FC Augsburg 2 André Hahn
40%
Eintracht Frankfurt 1 Ansgar Knauff
40%
VfB Stuttgart 5 Chris Führich
40%
Borussia Mönchengladbach 1 Hannes Wolf
40%
Union Berlin 4 Jordan Siebatcheu
40%
RB Leipzig 1 Joško Gvardiol
40%
VfL Bochum 5 Kevin Stöger
40%
Borussia Dortmund 1 Marius Wolf
40%
FC Augsburg 9 Mergim Berisha
40%
Borussia Mönchengladbach 3 Nico Elvedi
40%
SC Freiburg 1 Nils Petersen
40%
Bayern München 1 Noussair Mazraoui
40%
Eintracht Frankfurt 2 Rafael Borré
40%
VfL Bochum 3 Takuma Asano
40%
Bayer 04 Leverkusen 5 Adam Hložek
38%
1. FSV Mainz 05 1 Anton Stach
38%
VfL Wolfsburg 4 Jakub Kamiński
38%
1. FSV Mainz 05 1 Jonathan Burkardt
38%
Union Berlin 2 Josip Juranović
38%
FC Schalke 04 2 Marcin Kamiński
38%
Bayer 04 Leverkusen 3 Mitchel Bakker
38%
RB Leipzig 1 Mohamed Simakan
38%
Bayer 04 Leverkusen 4 Nadiem Amiri
38%
VfL Wolfsburg 5 Ridle Baku
38%
FC Schalke 04 2 Sebastian Polter
38%
Eintracht Frankfurt 2 Tuta
38%
FC Augsburg 5 Arne Maier
35%
RB Leipzig 2 Benjamin Henrichs
35%
1. FSV Mainz 05 3 Dominik Kohr
35%
VfB Stuttgart 1 Hiroki Ito
35%
Borussia Mönchengladbach 1 Julian Weigl
35%
Bayer 04 Leverkusen 4 Kerem Demirbay
35%
Hertha BSC 5 Lucas Tousart
35%
Hertha BSC 6 Marco Richter
35%
SC Freiburg 1 Maximilian Eggestein
35%
SC Freiburg 1 Philipp Lienhart
35%
Union Berlin 2 Robin Knoche
35%
Eintracht Frankfurt 4 Sebastian Rode
35%
1. FSV Mainz 05 2 Silvan Widmer
35%
RB Leipzig 1 Xaver Schlager
35%
RB Leipzig 2 Amadou Haidara
33%
Eintracht Frankfurt 3 Aurélio Buta
33%
1. FC Köln 5 Dejan Ljubičić
33%
Hertha BSC 5 Florian Niederlechner
33%
RB Leipzig 2 Kevin Kampl
33%
SV Werder Bremen 3 Leonardo Bittencourt
33%
Borussia Mönchengladbach 1 Luca Netz
33%
VfL Wolfsburg 1 Maxence Lacroix
33%
VfL Wolfsburg 1 Micky van de Ven
33%
SV Werder Bremen 2 Mitchell Weiser
33%
VfL Wolfsburg 4 Patrick Wimmer
33%
Bayer 04 Leverkusen 1 Piero Hincapié
33%
SC Freiburg 1 Roland Sallai
33%
VfL Wolfsburg 6 Yannick Gerhardt
33%
Union Berlin 5 Danilho Doekhi
30%
Eintracht Frankfurt 3 Éric Junior Dina Ebimbe
30%
Bayer 04 Leverkusen 4 Exequiel Palacios
30%
SV Werder Bremen 3 Jens Stage
30%
1. FSV Mainz 05 4 Leandro Barreiro
30%
Eintracht Frankfurt 1 Lucas Alario
30%
TSG 1899 Hoffenheim 6 Munas Dabbur
30%
1. FC Köln 3 Timo Hübers
30%
1. FSV Mainz 05 1 Andreas Hanche-Olsen
28%
1. FSV Mainz 05 2 Anthony Caci
28%
1. FC Köln 1 Benno Schmitz
28%
1. FC Köln 4 Denis Huseinbašić
28%
VfB Stuttgart 2 Josha Vagnoman
28%
VfB Stuttgart 2 Konstantinos Mavropanos
28%
1. FSV Mainz 05 10 Marcus Ingvartsen
28%
VfL Wolfsburg 4 Mattias Svanberg
28%
Union Berlin 2 Rani Khedira
28%
FC Schalke 04 2 Tom Krauß
28%
SV Werder Bremen 2 Amos Pieper
25%
SV Werder Bremen 1 Christian Groß
25%
Eintracht Frankfurt 1 Evan N'Dicka
25%
Union Berlin 5 Janik Haberer
25%
1. FC Köln 3 Linton Maina
25%
Borussia Mönchengladbach 1 Nathan N'Goumou
25%
SV Werder Bremen 3 Niklas Schmidt
25%
Borussia Mönchengladbach 1 Patrick Herrmann
25%
TSG 1899 Hoffenheim 3 Robert Skov
25%
Bayer 04 Leverkusen 4 Sardar Azmoun
25%
VfL Wolfsburg 1 Sebastiaan Bornauw
25%
VfB Stuttgart 5 Silas Katompa Mvumpa
25%
Union Berlin 3 Sven Michel
25%
VfB Stuttgart 2 Borna Sosa
23%
VfL Bochum 3 Christopher Antwi-Adjei
23%
FC Schalke 04 4 Dominick Drexler
23%
1. FC Köln 1 Florian Dietz
23%
TSG 1899 Hoffenheim 1 Grischa Prömel
23%
1. FC Köln 2 Jan Thielmann
23%
Hertha BSC 1 Marc-Oliver Kempf
23%
SV Werder Bremen 2 Oliver Burke
23%
TSG 1899 Hoffenheim 1 Pavel Kadeřábek
23%
VfB Stuttgart 3 Tiago Tomás
23%
VfB Stuttgart 1 Waldemar Anton
23%
SV Werder Bremen 2 Anthony Jung
20%
VfL Bochum 2 Anthony Losilla
20%
TSG 1899 Hoffenheim 1 Dennis Geiger
20%
Eintracht Frankfurt 4 Djibril Sow
20%
VfL Bochum 4 Erhan Mašović
20%
1. FC Köln 1 Eric Martel
20%
Hertha BSC 4 Jessic Ngankam
20%
FC Schalke 04 1 Kenan Karaman
20%
SC Freiburg 2 Lukas Kübler
20%
Hertha BSC 1 Márton Dárdai
20%
Borussia Mönchengladbach 1 Marvin Friedrich
20%
TSG 1899 Hoffenheim 2 Ozan Kabak
20%
Union Berlin 1 Paul Jaeckel
20%
1. FC Köln 1 Sargis Adamyan
20%
Hertha BSC 4 Suat Serdar
20%
TSG 1899 Hoffenheim 1 Angelo Stiller
18%
FC Augsburg 3 Dion Drena Beljo
18%
TSG 1899 Hoffenheim 1 Jacob Bruun Larsen
18%
VfL Wolfsburg 1 Joshua Guilavogui
18%
SC Freiburg 1 Kevin Schade
18%
VfL Wolfsburg 4 Luca Waldschmidt
18%
SV Werder Bremen 1 Maximilian Philipp
18%
VfL Bochum 3 Philipp Förster
18%
FC Schalke 04 1 Rodrigo Zalazar
18%
FC Augsburg 3 Ruben Vargas
18%
VfL Bochum 3 Simon Zoller
18%
Hertha BSC 2 Wilfried Kanga
18%
Union Berlin 2 Aissa Laïdouni
15%
Eintracht Frankfurt 1 Kristijan Jakić
15%
SV Werder Bremen 1 Lee Buchanan
15%
SC Freiburg 1 Manuel Gulde
15%
FC Augsburg 1 Robert Gumny
15%
FC Schalke 04 1 Sepp van den Berg
15%
Hertha BSC 4 Stevan Jovetić
15%
VfB Stuttgart 4 Tanguy Coulibaly
15%
SC Freiburg 1 Woo-Yeong Jeong
15%
RB Leipzig 1 Abdou Diallo
13%
SC Freiburg 2 Daniel-Kofi Kyereh
13%
VfL Bochum 1 Gerrit Holtmann
13%
Union Berlin 1 Jamie Leweling
13%
Bayern München 1 João Cancelo
13%
1. FC Köln 1 Luca Kilian
13%
SV Werder Bremen 1 Miloš Veljković
13%
1. FSV Mainz 05 2 Nelson Weiper
13%
FC Schalke 04 1 Soichiro Kozuki
13%
Bayer 04 Leverkusen 1 Charles Aránguiz
10%
Hertha BSC 1 Derry Scherhant
10%
FC Augsburg 2 Fredrik Jensen
10%
RB Leipzig 1 Hugo Novoa
10%
FC Augsburg 1 Irvin Cardona
10%
TSG 1899 Hoffenheim 1 Kasper Dolberg
10%
VfL Wolfsburg 1 Kevin Paredes
10%
Union Berlin 1 Miloš Pantović
10%
VfL Bochum 2 Moritz Broschinski
10%
Union Berlin 1 Morten Thorsby
10%
TSG 1899 Hoffenheim 1 Stanley N'Soki
10%
FC Schalke 04 1 Tim Skarke
10%
FC Schalke 04 1 Florent Möllet
8%
TSG 1899 Hoffenheim 2 Georginio Rutter
8%
Hertha BSC 1 Ibrahim Maza
8%
Bayer 04 Leverkusen 1 Paulinho
8%
FC Augsburg 1 Daniel Caligiuri
5%
FC Augsburg 1 David Čolina
5%
FC Augsburg 1 Kelvin Yeboah
5%
VfL Bochum 1 Pierre Kunde
5%
VfB Stuttgart 1 Gil Dias
3%
VfB Stuttgart 1 Juan José Perea
3%
VfB Stuttgart 2 Naouirou Ahamada
3%
Union Berlin 1 Paul Seguin
3%
No matching quizzes found
Score Distribution
Percent of People with Each Score
Percentile by Number Answered
Your Score History
You have not taken this quiz since the last reset